| 000 | 00839cab a2200229 4500 | ||
|---|---|---|---|
| 001 | ABS38673 | ||
| 008 | 090401t1988 xxu||||| |||| 00| 0 eng d | ||
| 035 | _a(Sirsi) u11891 | ||
| 041 | _aeng | ||
| 100 | _aEvamy, M. | ||
| 245 | _aSolving a towering problem | ||
| 260 | _c1988 | ||
| 350 | _a0 | ||
| 490 |
_aSurveyor _v169(4979) 28 September 1988, 16-17(2) |
||
| 520 | _aReports on action Greenwich London Borough is taking to ensure that none of its large panel system buildings are suffering from the defects highlighted in last summer`s report from the BRE on their structural adequacy and durability. | ||
| 650 | _aBUILT ENVIRONMENT-BUILDING MAINTENANCE AND REFURBISHMENT | ||
| 650 | _aSYSTEM BUILDING | ||
| 650 | _aLARGE PANEL SYSTEMS | ||
| 690 | _aBUILT ENVIRONMENT-BUILDING PATHOLOGY | ||
| 942 | _n0 | ||
| 948 | _c04/03/1997 | ||
| 999 |
_c7600 _d7600 |
||